Palindromic Word Pairs Quiz Stats

 Plays Quiz Updated Sep 24, 2018

Score 0/20 Timer 07:00
8 Plays Today
Left-to-right clue (Length) Word pair % Correct
Actress Ryan of film fame (3)Meg --> gem
89.4%
Air and highway alternative (4)rail --> liar
87.2%
Used to be (3)was --> Saw
83.2%
Lots and lots (4)tons --> snot
81.6%
Edwin Starr calls it good for absolutely nothing (3)War --> raw
76.4%
Perform badly or smell bad (5)stink --> knits
75.6%
Inspiration to Gotham's vigilante (3)bat --> Tab
75.5%
Bring (a package) to the door (7)deliver --> reviled
71%
Canal and crisis site (4)Suez --> Zeus
66.5%
To refuse to throw away (4)keep --> peek
64.9%
Left-to-right clue (Length) Word pair % Correct
'Menace' of the comic pages (6)Dennis --> sinned
62.6%
Where to get on the subway (4)stop --> pots
59.2%
All my 15-year-old car is good for (5)parts --> strap
53.3%
Under pressure (8)stressed --> desserts
52%
Gave back the loan (6)repaid --> diaper
41.8%
Far too often it's just junk (4)mail --> Liam
39.8%
Marvel's Sub-Mariner (5)Namor --> Roman
30.9%
Put tiles down anew (6)relaid --> dialer
26.6%
Minor error or boo-boo (4-2)slip-up --> pupils
24%
Molokai resident (5)leper --> repel
22.7%

You're not logged in!

Compare scores with friends on all Sporcle quizzes.
OR
Log In

Sporcle TV

Today on Sporcle TV


Watch our educational content, quiz creation guides, and fun videos on Sporcle TV.

Show Comments

Extras

Top Quizzes Today


Score Distribution

Your Account Isn't Verified!

In order to create a playlist on Sporcle, you need to verify the email address you used during registration. Go to your Sporcle Settings to finish the process.

Report this User

Report this user for behavior that violates our Community Guidelines.

Details: